000 00292nam a2200145Ia 4500
100 _aPope/ Alan
942 _cBK
654 _acomputer
245 _aCORBA Reference guide
260 _bAddison Wesly
_c1998
082 _a5.133
_bPOP
300 _a407
546 _aENGLISH
999 _c23407
_d23407